Computer organization and architecture (Record no. 5187)

MARC details
000 -LEADER
fixed length control field 00455nam a2200169Ia 4500
003 - CONTROL NUMBER IDENTIFIER
control field SGT
020 ## - INTERNATIONAL STANDARD BOOK NUMBER
International Standard Book Number 9788131732458
082 ## - DEWEY DECIMAL CLASSIFICATION NUMBER
Classification number 4.22
Item number STA
100 ## - MAIN ENTRY--PERSONAL NAME
Personal name Stallings,William
245 ## - TITLE STATEMENT
Title Computer organization and architecture
250 ## - EDITION STATEMENT
Edition statement 8th Ed.
260 ## - PUBLICATION, DISTRIBUTION, ETC. (IMPRINT)
Name of publisher, distributor, etc Pearson
Place of publication, distribution, etc N.Delhi
Year of Publication 2010
300 ## - PAGE DESCRIPTION
No. of Pages 792p.
650 ## - SUBJECT ADDED ENTRY--TOPICAL TERM
Topical term or geographic name as entry element COMPUTER SCIENCE
653 ## - KEYWORDS--INDEX TERM
Keyword term COMPUTER EVOLUTION AND PERFORMANCE,INTERNAL MEMORY TECHNOLOGY176 INPUT /OUTPUT
942 ## - ADDED ENTRY ELEMENTS (KOHA)
Source of classification or shelving scheme Dewey Decimal Classification
Koha item type Books
942 ## - ADDED ENTRY ELEMENTS (KOHA)
-- 12
Holdings
Withdrawn status Lost status Source of classification or shelving scheme Damaged status Use restrictions Not for loan Collection code Home library Current library Shelving location Date acquired SGTU Full call number Accession No. (Barcode) Date last seen Bill Date Koha item type Total Checkouts Total Renewals Date last borrowed
    Dewey Decimal Classification   Restricted Access Not For Loan ENGINEERING SGT Engineering Library SGT Engineering Library Reference Book 24/06/2011 SGTU 4.22 STA FE3132 09/02/2015 09/02/2015 Books      
    Dewey Decimal Classification         SGT Engineering Library SGT Engineering Library   24/06/2011 SGTU 4.22 STA FE3133 20/01/2025 09/02/2015 Books 6 6 30/12/2024
    Dewey Decimal Classification         SGT Engineering Library SGT Engineering Library   24/06/2011 SGTU 4.22 STA FE3134 30/12/2024 09/02/2015 Books 12 5 30/12/2024
    Dewey Decimal Classification         SGT Engineering Library SGT Engineering Library   24/06/2011 SGTU 4.22 STA FE3135 13/01/2025 09/02/2015 Books 12 5 30/12/2024
    Dewey Decimal Classification         SGT Engineering Library SGT Engineering Library   24/06/2011 SGTU 4.22 STA FE3136 12/04/2024 09/02/2015 Books 9 6 12/04/2024